书目信息 |
| 题名: |
热力设备模型实验研究基础
|
|
| 作者: | 李之光 编 | |
| 分册: | ||
| 出版信息: | 北京 国防工业出版社 1973 |
|
| 页数: | 132页 | |
| 开本: | 19cm | |
| 丛书名: | ||
| 单 册: | ||
| 中图分类: | TK17 | |
| 科图分类: | ||
| 主题词: | 热力工程--设备 | |
| 电子资源: | ||
| ISBN: | ||
| 000 | 00570nam0 2200205 45 | |
| 001 | 0405201615 | |
| 005 | 20040520163651.4 | |
| 010 | @dCNY0.38 | |
| 091 | @a15034.1301 | |
| 100 | @a20040520d1973 km y0chiy0120 ea | |
| 101 | 0 | @achi |
| 105 | @a z 000yy | |
| 200 | 1 | @a热力设备模型实验研究基础@ARe Li She Bei Mo Xing Shi Yan Yan Jiu Ji Chu@f李之光编@FLi Zhi Guang Bian |
| 210 | @a北京@c国防工业出版社@d1973 | |
| 215 | @a132页@d19cm | |
| 606 | 0 | @a热力工程@x设备 |
| 690 | @aTK17 | |
| 701 | 0 | @a李之光@4编 |
| 801 | @aCN@bPftUser@c20040520 | |
| 905 | @f1@b16388@dTK17@e1 | |
| 热力设备模型实验研究基础/李之光编.-北京:国防工业出版社,1973 |
| 132页;19cm |
| ISBN :CNY0.38 |
| ● |
| 相关链接 |
|
|
|
|
正题名:热力设备模型实验研究基础
索取号:TK17/1
 
预约/预借
| 序号 | 登录号 | 条形码 | 馆藏地/架位号 | 状态 | 备注 |
| 1 | 0016388 | 001366952 | 第三借阅区/ [索取号:TK17/1] | 在馆 | |
| 2 | 0016389 | 001366916 | 第二样本阅览室/ [索取号:TK17/1] | 在馆 |